| 000 | 00460pab a2200169 454500 | ||
|---|---|---|---|
| 008 | 180718b2003 xxu||||| |||| 00| 0 eng d | ||
| 100 | _aDorn, Richard A. Van | ||
| 245 | _aCorrelates associated with escalation of delinquent behavior in incarcerated youths | ||
| 260 | _c2003 | ||
| 300 | _ap.523-31. | ||
| 362 | _aOct | ||
| 650 | _aYouth | ||
| 650 | _aJuvenile delinquency | ||
| 700 | _aWilliams, James Herbert | ||
| 773 | _aSocial Work | ||
| 909 | _a61451 | ||
| 999 |
_c61451 _d61451 |
||